000 00801cam a2200325ua 4500
020 _c130.00
041 _aeng
_h
082 _a620.1
_bKHU/AP
100 _aKhurmi, R.S.
245 _aApplied Mechanics and Strength of materials /
_cR.S.Khurmi.
_hTextual Documents
250 _a13 /
_b.
260 _aNewDelhi :
_bNirja construction and Development ,
_c2005.
300 _a830 ; .
365 _a130.00
500 _a20889,17932-Scheme
504 _a
942 _cBK
999 _c1331
_d1331